<?xml version="1.0" encoding="UTF-8"?>
<record
    xmlns:xsi="http://www.w3.org/2001/XMLSchema-instance"
    xsi:schemaLocation="http://www.loc.gov/MARC21/slim http://www.loc.gov/standards/marcxml/schema/MARC21slim.xsd"
    xmlns="http://www.loc.gov/MARC21/slim">

  <leader>00889cam a2200265 a 4500</leader>
  <controlfield tag="003">BD-DhUIB</controlfield>
  <controlfield tag="005">20210322105749.0</controlfield>
  <controlfield tag="008">060727s2008    maua     b    001 0 eng  </controlfield>
  <datafield tag="020" ind1=" " ind2=" ">
    <subfield code="a">978935134296</subfield>
  </datafield>
  <datafield tag="020" ind1=" " ind2=" ">
    <subfield code="a">935134296</subfield>
  </datafield>
  <datafield tag="040" ind1=" " ind2=" ">
    <subfield code="a">DLC</subfield>
    <subfield code="c">DLC</subfield>
    <subfield code="d">BD-DhUIB</subfield>
  </datafield>
  <datafield tag="082" ind1="0" ind2="0">
    <subfield code="a">658.45</subfield>
    <subfield code="2">22</subfield>
  </datafield>
  <datafield tag="245" ind1="1" ind2="0">
    <subfield code="a">Business communication :</subfield>
    <subfield code="b">connecting in a digital world /</subfield>
    <subfield code="c">by Raymond V. Lesikar...[at al.].</subfield>
  </datafield>
  <datafield tag="250" ind1=" " ind2=" ">
    <subfield code="a">13th ed.</subfield>
  </datafield>
  <datafield tag="260" ind1=" " ind2=" ">
    <subfield code="a">New Delhi :</subfield>
    <subfield code="b">McGraw-Hill/Irwin,</subfield>
    <subfield code="c">c2015.</subfield>
  </datafield>
  <datafield tag="300" ind1=" " ind2=" ">
    <subfield code="a">xxxvii, 772 p. :</subfield>
    <subfield code="b">ill. ;</subfield>
    <subfield code="c">24 cm.</subfield>
  </datafield>
  <datafield tag="500" ind1=" " ind2=" ">
    <subfield code="a">Rev. ed. of: Basic business communication. 10th ed. c2005.</subfield>
  </datafield>
  <datafield tag="504" ind1=" " ind2=" ">
    <subfield code="a">Includes bibliographical references and index.</subfield>
  </datafield>
  <datafield tag="526" ind1=" " ind2=" ">
    <subfield code="a">BBA.</subfield>
  </datafield>
  <datafield tag="650" ind1=" " ind2="0">
    <subfield code="a">Commercial correspondence.</subfield>
    <subfield code="9">101</subfield>
  </datafield>
  <datafield tag="650" ind1=" " ind2="0">
    <subfield code="a">English language</subfield>
    <subfield code="x">Business English.</subfield>
    <subfield code="9">102</subfield>
  </datafield>
  <datafield tag="650" ind1=" " ind2="0">
    <subfield code="a">Business communication.</subfield>
    <subfield code="9">28</subfield>
  </datafield>
  <datafield tag="700" ind1="1" ind2=" ">
    <subfield code="a">( Late) Lesikar, Raymond V.</subfield>
    <subfield code="9">147</subfield>
  </datafield>
  <datafield tag="942" ind1=" " ind2=" ">
    <subfield code="2">ddc</subfield>
    <subfield code="c">BK</subfield>
  </datafield>
  <datafield tag="999" ind1=" " ind2=" ">
    <subfield code="c">79</subfield>
    <subfield code="d">79</subfield>
  </datafield>
  <datafield tag="952" ind1=" " ind2=" ">
    <subfield code="0">0</subfield>
    <subfield code="1">0</subfield>
    <subfield code="2">ddc</subfield>
    <subfield code="4">0</subfield>
    <subfield code="7">0</subfield>
    <subfield code="8">FIC</subfield>
    <subfield code="a">IBAL</subfield>
    <subfield code="b">IBAL</subfield>
    <subfield code="c">GEN</subfield>
    <subfield code="d">2016-10-01</subfield>
    <subfield code="e">Shaurov Publisher &amp; Distributer</subfield>
    <subfield code="l">1</subfield>
    <subfield code="o">658.45 L629b 13th ed.</subfield>
    <subfield code="p">00050718</subfield>
    <subfield code="q">2025-10-27</subfield>
    <subfield code="r">2025-10-13 00:23:19</subfield>
    <subfield code="s">2025-10-13</subfield>
    <subfield code="t">C-1</subfield>
    <subfield code="w">2021-03-22</subfield>
    <subfield code="y">BK</subfield>
  </datafield>
  <datafield tag="952" ind1=" " ind2=" ">
    <subfield code="0">0</subfield>
    <subfield code="1">0</subfield>
    <subfield code="2">ddc</subfield>
    <subfield code="4">0</subfield>
    <subfield code="7">0</subfield>
    <subfield code="8">FIC</subfield>
    <subfield code="a">IBAL</subfield>
    <subfield code="b">IBAL</subfield>
    <subfield code="c">GEN</subfield>
    <subfield code="d">2016-10-01</subfield>
    <subfield code="e">Shaurov Publisher &amp; Distributer</subfield>
    <subfield code="l">2</subfield>
    <subfield code="o">658.45 L629b 13th ed.</subfield>
    <subfield code="p">00050719</subfield>
    <subfield code="q">2025-10-27</subfield>
    <subfield code="r">2025-10-13 01:16:08</subfield>
    <subfield code="s">2025-10-13</subfield>
    <subfield code="t">C-2</subfield>
    <subfield code="w">2021-03-22</subfield>
    <subfield code="y">BK</subfield>
  </datafield>
  <datafield tag="952" ind1=" " ind2=" ">
    <subfield code="0">0</subfield>
    <subfield code="1">0</subfield>
    <subfield code="2">ddc</subfield>
    <subfield code="4">0</subfield>
    <subfield code="7">0</subfield>
    <subfield code="8">FIC</subfield>
    <subfield code="a">IBAL</subfield>
    <subfield code="b">IBAL</subfield>
    <subfield code="c">GEN</subfield>
    <subfield code="d">2016-10-01</subfield>
    <subfield code="e">Shaurov Publisher &amp; Distributer</subfield>
    <subfield code="o">658.45 L629b 13th ed.</subfield>
    <subfield code="p">00050720</subfield>
    <subfield code="r">2021-03-22 00:00:00</subfield>
    <subfield code="t">C-3</subfield>
    <subfield code="w">2021-03-22</subfield>
    <subfield code="y">BK</subfield>
  </datafield>
  <datafield tag="952" ind1=" " ind2=" ">
    <subfield code="0">0</subfield>
    <subfield code="1">0</subfield>
    <subfield code="2">ddc</subfield>
    <subfield code="4">0</subfield>
    <subfield code="7">0</subfield>
    <subfield code="8">FIC</subfield>
    <subfield code="a">IBAL</subfield>
    <subfield code="b">IBAL</subfield>
    <subfield code="c">GEN</subfield>
    <subfield code="d">2016-10-01</subfield>
    <subfield code="e">Shaurov Publisher &amp; Distributer</subfield>
    <subfield code="o">658.45 L629b 13th ed.</subfield>
    <subfield code="p">00050721</subfield>
    <subfield code="r">2021-03-22 00:00:00</subfield>
    <subfield code="t">C-4</subfield>
    <subfield code="w">2021-03-22</subfield>
    <subfield code="y">BK</subfield>
  </datafield>
  <datafield tag="952" ind1=" " ind2=" ">
    <subfield code="0">0</subfield>
    <subfield code="1">0</subfield>
    <subfield code="2">ddc</subfield>
    <subfield code="4">0</subfield>
    <subfield code="7">0</subfield>
    <subfield code="8">FIC</subfield>
    <subfield code="a">IBAL</subfield>
    <subfield code="b">IBAL</subfield>
    <subfield code="c">GEN</subfield>
    <subfield code="d">2016-10-01</subfield>
    <subfield code="e">Shaurov Publisher &amp; Distributer</subfield>
    <subfield code="o">658.45 L629b 13th ed.</subfield>
    <subfield code="p">00050722</subfield>
    <subfield code="r">2021-03-22 00:00:00</subfield>
    <subfield code="t">C-5</subfield>
    <subfield code="w">2021-03-22</subfield>
    <subfield code="y">BK</subfield>
  </datafield>
  <datafield tag="952" ind1=" " ind2=" ">
    <subfield code="0">0</subfield>
    <subfield code="1">0</subfield>
    <subfield code="2">ddc</subfield>
    <subfield code="4">0</subfield>
    <subfield code="7">0</subfield>
    <subfield code="8">FIC</subfield>
    <subfield code="a">IBAL</subfield>
    <subfield code="b">IBAL</subfield>
    <subfield code="c">GEN</subfield>
    <subfield code="d">2016-10-01</subfield>
    <subfield code="e">Shaurov Publisher &amp; Distributer</subfield>
    <subfield code="o">658.45 L629b 13th ed.</subfield>
    <subfield code="p">00050723</subfield>
    <subfield code="r">2021-03-22 00:00:00</subfield>
    <subfield code="t">C-6</subfield>
    <subfield code="w">2021-03-22</subfield>
    <subfield code="y">BK</subfield>
  </datafield>
  <datafield tag="952" ind1=" " ind2=" ">
    <subfield code="0">0</subfield>
    <subfield code="1">0</subfield>
    <subfield code="2">ddc</subfield>
    <subfield code="4">0</subfield>
    <subfield code="7">0</subfield>
    <subfield code="8">FIC</subfield>
    <subfield code="a">IBAL</subfield>
    <subfield code="b">IBAL</subfield>
    <subfield code="c">GEN</subfield>
    <subfield code="d">2016-10-01</subfield>
    <subfield code="e">Shaurov Publisher &amp; Distributer</subfield>
    <subfield code="o">658.45 L629b 13th ed.</subfield>
    <subfield code="p">00050724</subfield>
    <subfield code="r">2021-03-22 00:00:00</subfield>
    <subfield code="t">C-7</subfield>
    <subfield code="w">2021-03-22</subfield>
    <subfield code="y">BK</subfield>
  </datafield>
  <datafield tag="952" ind1=" " ind2=" ">
    <subfield code="0">0</subfield>
    <subfield code="1">0</subfield>
    <subfield code="2">ddc</subfield>
    <subfield code="4">0</subfield>
    <subfield code="7">0</subfield>
    <subfield code="8">FIC</subfield>
    <subfield code="a">IBAL</subfield>
    <subfield code="b">IBAL</subfield>
    <subfield code="c">GEN</subfield>
    <subfield code="d">2016-10-01</subfield>
    <subfield code="e">Shaurov Publisher &amp; Distributer</subfield>
    <subfield code="l">1</subfield>
    <subfield code="o">658.45 L629b 13th ed.</subfield>
    <subfield code="p">00050725</subfield>
    <subfield code="q">2025-10-26</subfield>
    <subfield code="r">2025-10-12 07:16:55</subfield>
    <subfield code="s">2025-10-12</subfield>
    <subfield code="t">C-8</subfield>
    <subfield code="w">2021-03-22</subfield>
    <subfield code="y">BK</subfield>
  </datafield>
  <datafield tag="952" ind1=" " ind2=" ">
    <subfield code="0">0</subfield>
    <subfield code="1">0</subfield>
    <subfield code="2">ddc</subfield>
    <subfield code="4">0</subfield>
    <subfield code="7">0</subfield>
    <subfield code="8">FIC</subfield>
    <subfield code="a">IBAL</subfield>
    <subfield code="b">IBAL</subfield>
    <subfield code="c">GEN</subfield>
    <subfield code="d">2016-10-01</subfield>
    <subfield code="e">Shaurov Publisher &amp; Distributer</subfield>
    <subfield code="o">658.45 L629b 13th ed.</subfield>
    <subfield code="p">00050726</subfield>
    <subfield code="r">2021-03-22 00:00:00</subfield>
    <subfield code="t">C-9</subfield>
    <subfield code="w">2021-03-22</subfield>
    <subfield code="y">BK</subfield>
  </datafield>
  <datafield tag="952" ind1=" " ind2=" ">
    <subfield code="0">0</subfield>
    <subfield code="1">0</subfield>
    <subfield code="2">ddc</subfield>
    <subfield code="4">0</subfield>
    <subfield code="7">0</subfield>
    <subfield code="8">FIC</subfield>
    <subfield code="a">IBAL</subfield>
    <subfield code="b">IBAL</subfield>
    <subfield code="c">GEN</subfield>
    <subfield code="d">2016-10-01</subfield>
    <subfield code="e">Shaurov Publisher &amp; Distributer</subfield>
    <subfield code="l">1</subfield>
    <subfield code="o">658.45 L629b 13th ed.</subfield>
    <subfield code="p">00050727</subfield>
    <subfield code="q">2025-11-29</subfield>
    <subfield code="r">2025-11-15 09:02:05</subfield>
    <subfield code="s">2025-11-15</subfield>
    <subfield code="t">C-10</subfield>
    <subfield code="w">2021-03-22</subfield>
    <subfield code="y">BK</subfield>
  </datafield>
</record>
